|
|
|
|
| LEADER |
00000cam a2200000 7i4500 |
| 001 |
0000004657 |
| 005 |
20151222.0 |
| 008 |
070730 |
| 020 |
|
|
|a 983198059X
|
| 090 |
0 |
0 |
|a G MAL
|
| 100 |
0 |
|
|a Jasiman Ahmad
|
| 245 |
1 |
0 |
|a Sejarah negara Malaysia
|c Jasiman Ahmad
|
| 260 |
|
|
|a Kuala Lumpur :
|b Jade green publication sdn.bhd ,
|c 2006
|
| 440 |
|
0 |
|a Siri Kenegaraan Malaysia
|
| 500 |
|
|
|a Children ages 10-12 years old (pink)
|
| 650 |
|
0 |
|a Malaysia
|x History
|x Juvenile literature
|
| 710 |
0 |
|
|a Title
|
| 999 |
|
|
|a 0000976754
|b Book
|c Children Collection
|e Cawangan Tmn. Ungku Tun Aminah
|
| 999 |
|
|
|a 0000978634
|b Book
|c Children Collection
|e Cawangan Batu Pahat
|
| 999 |
|
|
|a 0000978635
|b Book
|c Children Collection
|e Perbadanan Perpustakaan Awam Johor
|
| 999 |
|
|
|a 0000978636
|b Book
|c Children Collection
|e Cawangan Bandar Penawar
|
| 999 |
|
|
|a 0000978637
|b Book
|c Children Collection
|e Perbadanan Perpustakaan Awam Johor
|
| 999 |
|
|
|a 0000978638
|b Book
|c Children Collection
|e Perbadanan Perpustakaan Awam Johor
|
| 999 |
|
|
|a 000976753
|b Book
|c Children Collection
|e Cawangan Muar
|